000 00251nam a2200121 i 4500
001 bg
245 0 _aNaucnye pribory.Nr 6.
260 _aMoskva,
_c1975.
040 _cBPK
041 _apol
942 _cKS
008 s pl f |000 0 pol
999 _c27227
_d27227
856 _uhttp://koha.tu.koszalin.pl/cgi-bin/koha/opac-detail.pl?biblionumber=27227
_yKatalog online BPK